000 01052cam a22002772i 4500
003 SA_RiAUC
005 20241213174912.0
008 241212s2007____su g 000 0 ara c
020 _a9960580482
040 _aSA-MaUQU
_bara
_cSA-RiAUC
_erda
082 0 4 _a252.5
090 _a252.5
_bر ف ا
100 1 _aالرفاعي، محمد أحمد
_eمؤلف.
245 1 0 _aرؤى في بعض القضايا المعاصرة في مناسك الحج والعمرة في ضوء السنة النبوية المطهرة /
_cمحمد أحمد الرفاعي.
250 _aالطبعة الأولى.
264 1 _aمكة المكرمة :
_bمحمد أحمد الرفاعي،
_c2007
300 _a621 صفحة ؛
_c24 سم
336 _aنص
_btxt
_2rdacontent
_3كتاب
337 _aبدون وسيط
_bn
_2rdamedia
338 _aمجلد
_bnc
_2rdacarrier
650 7 _aالحج
_2aucsh
650 7 _aالعمرة
_2aucsh
650 7 _aالعبادات (فقه إسلامي)
_2aucsh
942 _2ddc
_cBOOK
_n0
949 _aSA-JeALM
_d241212
_uosman123
_n1
999 _c3447
_d3447